| 000 | 00832nam a2200205 i 4500 | ||
|---|---|---|---|
| 001 | 152817 | ||
| 003 | ES-MaACL | ||
| 005 | 20250807062549.0 | ||
| 008 | 931025s1880 sp |||| | spa d | ||
| 100 | 1 |
_aBuchholtz, Christian Friedrich, _d1770-1818 _9126219 |
|
| 245 | 1 | 0 |
_aGuía elemental del Médico Práctico / _cpor Federico Buchholtz ; versión española de M. Carreras Sanchis. |
| 260 |
_aMadrid : _b[s.n.], _c1880 ( _fImprenta de Enrique Teodoro) |
||
| 300 |
_a422 p. ; _c23 cm. |
||
| 490 | 1 | _aBiblioteca económica de medicina y cirujía | |
| 650 | 7 |
_aMedicina _2embne _914891 |
|
| 700 | 0 |
_aCarreras Sanchís, Manuel. _935680 |
|
| 830 | 0 |
_aBiblioteca económica de medicina y cirujía _9186248 |
|
| 852 |
_aES-MaACL _jB-12702 _z-- Enc. pasta española _z-- Legado Gustavo Saenz Diez |
||
| 999 |
_c152817 _d152817 |
||